Statistics for Name The Summer I Turned Pretty Character By Their Picture

Click here to take the quiz!

General Stats

  • This quiz has been taken 41 times
  • The average score is 9 of 9

Answer Stats

Answer% Correct
Belly Conklin
100%
Conrad Fisher
97%
Laurel
97%
Cam
94%
Jeremiah Fisher
94%
Steven Conklin
94%
Taylor
94%
Nicole
89%
Susanna Fisher
89%

Score Distribution

Percentile by Number Answered

Percent of People with Each Score

Your Score History

You have not taken this quiz